Process scale purification of antibodies /
Salvato in:
| Altri autori: | |
|---|---|
| Natura: | Libro |
| Lingua: | inglese |
| Pubblicazione: |
Hoboken, N.J.
John Wiley & Sons
2009.
|
| Soggetti: | |
| Accesso online: | Table of contents only Visualizza in OPAC |
| Tags: |
Nessun Tag, puoi essere il primo ad aggiungerne!!
|
MARC
| LEADER | 00000cam a22000004a 4500 | ||
|---|---|---|---|
| 005 | 20260127134216.0 | ||
| 008 | 120404s2009 njua b 001 0 eng | ||
| 010 | |a 2008-038592 | ||
| 016 | 7 | |a 101483034 |2 DNLM | |
| 020 | |a 9780470209622 (cloth) | ||
| 020 | |a 0470209623 (cloth) | ||
| 035 | |a vtls010350481 | ||
| 039 | 9 | |y 201204041027 |z mschk03 | |
| 040 | |a DNLM/DLC |c DLC |d NLM |d BTCTA |d YDXCP |d C#P |d BWX |d IXA |d DLC |d STUSCHK1 | ||
| 042 | |a pcc | ||
| 082 | 0 | 0 | |a 615/.19 |2 22 |
| 245 | 0 | 0 | |a Process scale purification of antibodies / |c edited by Uwe Gottschalk. |
| 260 | |a Hoboken, N.J. |b John Wiley & Sons |c 2009. | ||
| 300 | |a xxvi, 430 p. |b ill. |c 25 cm. | ||
| 500 | |a Errata slip inserted. | ||
| 504 | |a Includes bibliographical references and index. | ||
| 650 | 0 | |a Monoclonal antibodies |x Purification. | |
| 650 | 0 | |a Biochemical engineering. | |
| 650 | 1 | 2 | |a Antibodies, Monoclonal |x isolation & purification. |
| 650 | 2 | 2 | |a Antibodies, Monoclonal |x therapeutic use. |
| 650 | 2 | 2 | |a Chromatography |x methods. |
| 650 | 2 | 2 | |a Technology, Pharmaceutical |x methods. |
| 700 | 1 | |a Gottschalk, Uwe. | |
| 856 | 4 | 1 | |3 Table of contents only |u http://www.loc.gov/catdir/toc/ecip0827/2008038592.html |
| 906 | |a 7 |b cbc |c orignew |d 1 |e ecip |f 20 |g y-gencatlg | ||
| 910 | |a SCHK95 | ||
| 919 | |a 978-0-470-20962-2 | ||
| 925 | 0 | |a acquire |b 1 shelf copy |x policy default | |
| 955 | |d jc02 2008-9-3 |e jc02 2008-9-3 to Dewey |f xh14 2009-04-03 Z-CipVer |g xh14 2009-04-03 to BCCD | ||
| 999 | |c 6718 |d 6718 | ||